| 000 | 00642nam a2200229 a 4500 | ||
|---|---|---|---|
| 001 | 095012 | ||
| 003 | BD-ChCU | ||
| 005 | 20230204170329.0 | ||
| 008 | 2001s2017 anyu b 002 eng | ||
| 020 | _a978 0 19 285374 5 | ||
| 040 |
_aDLC _cDLC _dBD-ChCU |
||
| 082 | 0 | 0 | _a181.4/H291i |
| 100 | 1 |
_aHamilton, Sue _c |
|
| 245 | 0 | 0 |
_aIndian Philosophy : _ca very short introduction. _cSue Hamilton |
| 250 | _aed | ||
| 260 |
_aNew York _cOxford University Press _c2001 |
||
| 300 | _a153pg. | ||
| 504 | _aIncludes index(P147-53) and bibliography. | ||
| 650 | 0 |
_aPhilosophy India _cPhilosophy |
|
| 700 | 1 | _a | |
| 942 |
_2ddc _cBK |
||
| 999 |
_c95012 _d95012 |
||